[Event "DVM U20 2016"]
[Site "Borken-Gemen GER"]
[Date "2016.12.27"]
[Round "2"]
[White "Hartge, Gedeon"]
[Black "Beeck, Mats"]
[Result "1/2-1/2"]
[Termination "normal"]
[Board "3.2"]
[WhiteElo "2088"]
[BlackElo "2161"]
[WhiteClock "00:11:42"]
[BlackClock "00:09:27"]
[WhiteTeam "USV Halle"]
[BlackTeam "SK Doppelbauer Kiel"]
[PlyCount "119"]
[WhiteFideId "12932116"]
[BlackFideId "12936944"]
[EventCountry "GER"]
[EventRounds "7"]
[EventType "team-swiss"]
[EventDate "2016.12.26"]

1. d4 {[%clk 1:30:56]} Nf6 {[%clk 1:30:49]} 2. c4 {[%clk 1:31:21]} g6 {[%clk
1:31:09]} 3. f3 {[%clk 1:31:46]} Bg7 {[%clk 1:31:26]} 4. e4 {[%clk 1:32:10]}
O-O {[%clk 1:31:17]} 5. Nc3 {[%clk 1:32:37]} d6 {[%clk 1:26:45]} 6. Nge2 {[%clk
1:33:02]} c5 {[%clk 1:27:08]} 7. d5 {[%clk 1:33:28]} e6 {[%clk 1:27:26]} 8. Ng3
{[%clk 1:33:55]} exd5 {[%clk 1:27:37]} 9. cxd5 {[%clk 1:34:21]} Nbd7 {[%clk
1:26:27]} 10. Be2 {[%clk 1:34:34]} a6 {[%clk 1:25:10]} 11. a4 {[%clk 1:34:48]}
Ne8 {[%clk 1:24:44]} 12. O-O {[%clk 1:30:22]} Rb8 {[%clk 1:24:21]} 13. Be3
{[%clk 1:28:49]} Nc7 {[%clk 1:23:51]} 14. Qd2 {[%clk 1:19:31]} b5 {[%clk
1:21:29]} 15. axb5 {[%clk 1:17:27]} axb5 {[%clk 1:21:48]} 16. Bg5 {[%clk
1:12:58]} f6 {[%clk 1:19:08]} 17. Bh6 {[%clk 1:09:12]} Bxh6 {[%clk 1:15:07]}
18. Qxh6 {[%clk 1:09:35]} Ne5 {[%clk 1:14:43]} 19. f4 {[%clk 0:35:42]} Nf7
{[%clk 1:11:55]} 20. Qh4 {[%clk 0:35:32]} Bd7 {[%clk 1:09:06]} 21. Nd1 {[%clk
0:32:01]} Re8 {[%clk 0:51:52]} 22. Ra7 {[%clk 0:17:27]} Ra8 {[%clk 0:50:57]}
23. Rxa8 {[%clk 0:17:50]} Nxa8 {[%clk 0:51:17]} 24. Bd3 {[%clk 0:14:42]} Nc7
{[%clk 0:47:35]} 25. Nf2 {[%clk 0:14:36]} Qe7 {[%clk 0:37:28]} 26. Rd1 {[%clk
0:09:42]} Ra8 {[%clk 0:34:01]} 27. Ng4 {[%clk 0:07:04]} Ne8 {[%clk 0:27:08]}
28. Re1 {[%clk 0:05:51]} Ra2 {[%clk 0:24:06]} 29. e5 {[%clk 0:05:53]} dxe5
{[%clk 0:22:58]} 30. Nxe5 {[%clk 0:04:47]} c4 {[%clk 0:21:44]} 31. Bb1 {[%clk
0:01:52]} Rxb2 {[%clk 0:17:54]} 32. Ne4 {[%clk 0:02:03]} Bf5 {[%clk 0:12:28]}
33. Nc6 {[%clk 0:02:20]} Qc7 {[%clk 0:10:59]} 34. Nc3 {[%clk 0:02:11]} Qb6+
{[%clk 0:08:50]} 35. Kh1 {[%clk 0:02:26]} Bd7 {[%clk 0:05:38]} 36. Ne7+ {[%clk
0:00:35]} Kg7 {[%clk 0:05:55]} 37. Qg3 {[%clk 0:00:36]} Qf2 {[%clk 0:05:44]}
38. Nc6 {[%clk 0:00:34]} Qxg3 {[%clk 0:06:01]} 39. hxg3 {[%clk 0:01:03]} Rb3
{[%clk 0:04:34]} 40. Ne4 {[%clk 0:01:12]} Ra3 {[%clk 0:02:20]} 41. Nc5 Bxc6
{[%clk 0:31:37]} 42. dxc6 {[%clk 0:27:45]} Ra8 {[%clk 0:23:20]} 43. Be4 {[%clk
0:19:46]} Nc7 {[%clk 0:18:37]} 44. Rd1 {[%clk 0:19:44]} Rd8 {[%clk 0:16:12]}
45. Ra1 {[%clk 0:20:07]} f5 {[%clk 0:11:14]} 46. Bf3 {[%clk 0:17:09]} c3 {[%clk
0:10:28]} 47. Bd1 {[%clk 0:14:18]} Rd6 {[%clk 0:10:36]} 48. Bf3 {[%clk
0:13:56]} h6 {[%clk 0:09:05]} 49. Kh2 {[%clk 0:14:22]} g5 {[%clk 0:09:21]} 50.
Ra7 {[%clk 0:14:28]} c2 {[%clk 0:09:18]} 51. Nb3 {[%clk 0:14:56]} g4 {[%clk
0:09:12]} 52. Rxc7 {[%clk 0:11:22]} gxf3 {[%clk 0:09:36]} 53. gxf3 {[%clk
0:11:50]} Rd3 {[%clk 0:08:19]} 54. Nc1 {[%clk 0:11:59]} Rd2+ {[%clk 0:08:24]}
55. Kh3 {[%clk 0:12:21]} Rd1 {[%clk 0:07:58]} 56. Rxf7+ {[%clk 0:12:01]} Kxf7
{[%clk 0:08:22]} 57. c7 {[%clk 0:12:28]} Rxc1 {[%clk 0:08:45]} 58. c8=Q {[%clk
0:12:55]} Rh1+ {[%clk 0:09:09]} 59. Kg2 {[%clk 0:13:22]} c1=Q {[%clk 0:09:27]}
60. Qd7+ {[%clk 0:11:42]} 1/2-1/2

[Event "DVM U20 2016"]
[Site "Borken-Gemen GER"]
[Date "2016.12.27"]
[Round "2"]
[White "Rieper, Julian"]
[Black "Gröbel, Aaron"]
[Result "1/2-1/2"]
[Termination "normal"]
[Board "3.3"]
[WhiteElo "2029"]
[BlackElo "1977"]
[WhiteClock "00:20:34"]
[BlackClock "00:06:02"]
[WhiteTeam "SK Doppelbauer Kiel"]
[BlackTeam "USV Halle"]
[PlyCount "64"]
[WhiteFideId "12936960"]
[BlackFideId "12914851"]
[EventCountry "GER"]
[EventRounds "7"]
[EventType "team-swiss"]
[EventDate "2016.12.26"]

1. e4 {[%clk 1:30:52]} e5 {[%clk 1:30:55]} 2. Nf3 {[%clk 1:31:10]} Nc6 {[%clk
1:31:22]} 3. Bc4 {[%clk 1:31:06]} Bc5 {[%clk 1:31:47]} 4. c3 {[%clk 1:31:25]}
Nf6 {[%clk 1:32:12]} 5. d3 {[%clk 1:31:05]} d6 {[%clk 1:32:28]} 6. O-O {[%clk
1:31:11]} a6 7. Bb3 {[%clk 1:31:34]} h6 {[%clk 1:33:14]} 8. Nbd2 {[%clk
1:31:08]} Ba7 {[%clk 1:33:37]} 9. Re1 {[%clk 1:30:30]} Ne7 {[%clk 1:33:35]} 10.
Nf1 {[%clk 1:29:57]} Ng6 {[%clk 1:33:44]} 11. Be3 {[%clk 1:29:22]} Bxe3 {[%clk
1:32:27]} 12. Nxe3 {[%clk 1:29:27]} O-O {[%clk 1:32:18]} 13. d4 {[%clk
1:22:56]} Re8 {[%clk 1:21:14]} 14. dxe5 {[%clk 1:21:54]} Nxe5 {[%clk 1:21:25]}
15. Nxe5 {[%clk 1:21:03]} Rxe5 {[%clk 1:21:36]} 16. f3 {[%clk 1:20:50]} Nh5
{[%clk 1:16:41]} 17. Qd2 {[%clk 1:16:01]} Be6 {[%clk 0:51:44]} 18. Nd5 {[%clk
1:10:39]} Bxd5 {[%clk 0:46:52]} 19. Bxd5 {[%clk 1:08:16]} c6 {[%clk 0:43:10]}
20. Bb3 {[%clk 1:08:20]} Qf6 {[%clk 0:40:55]} 21. Rad1 {[%clk 1:05:35]} Rd8
{[%clk 0:37:14]} 22. Re3 {[%clk 1:04:02]} Rg5 {[%clk 0:35:50]} 23. Rf1 {[%clk
0:58:45]} Qf4 {[%clk 0:19:43]} 24. Re2 {[%clk 0:53:12]} Qh4 {[%clk 0:19:12]}
25. f4 {[%clk 0:48:28]} Rg4 {[%clk 0:15:42]} 26. Ref2 {[%clk 0:46:40]} Nf6
{[%clk 0:12:41]} 27. Qd4 {[%clk 0:34:21]} d5 {[%clk 0:08:18]} 28. e5 {[%clk
0:28:51]} Ne4 {[%clk 0:07:16]} 29. Rf3 {[%clk 0:28:55]} Ng5 {[%clk 0:07:08]}
30. Rg3 {[%clk 0:21:57]} Nh3+ {[%clk 0:05:10]} 31. gxh3 {[%clk 0:20:13]} Rxg3+
{[%clk 0:05:38]} 32. hxg3 {[%clk 0:20:34]} Qxg3+ {[%clk 0:06:02]} 1/2-1/2

[Event "DVM U20 2016"]
[Site "Borken-Gemen GER"]
[Date "2016.12.27"]
[Round "2"]
[White "Schulte, Felix"]
[Black "Wanner, Lukas"]
[Result "0-1"]
[Termination "normal"]
[Board "3.4"]
[WhiteElo "1892"]
[BlackElo "2020"]
[WhiteClock "00:29:42"]
[BlackClock "00:33:33"]
[WhiteTeam "USV Halle"]
[BlackTeam "SK Doppelbauer Kiel"]
[PlyCount "88"]
[WhiteFideId "12914800"]
[BlackFideId "12918148"]
[EventCountry "GER"]
[EventRounds "7"]
[EventType "team-swiss"]
[EventDate "2016.12.26"]

1. d4 {[%clk 1:30:55]} Nf6 {[%clk 1:30:17]} 2. c4 {[%clk 1:30:58]} Nc6 {[%clk
1:30:41]} 3. Nf3 {[%clk 1:31:14]} e6 {[%clk 1:31:07]} 4. a3 {[%clk 1:30:30]} d6
{[%clk 1:26:29]} 5. Nc3 {[%clk 1:29:51]} g6 {[%clk 1:24:20]} 6. e4 {[%clk
1:29:45]} Bg7 {[%clk 1:24:40]} 7. Be2 {[%clk 1:30:05]} O-O {[%clk 1:24:36]} 8.
O-O {[%clk 1:30:30]} e5 {[%clk 1:22:26]} 9. d5 {[%clk 1:25:31]} Nb8 {[%clk
1:21:31]} 10. Qc2 {[%clk 1:19:18]} Ne8 {[%clk 1:19:14]} 11. b4 {[%clk 1:15:17]}
f5 {[%clk 1:17:37]} 12. Nd2 {[%clk 1:09:46]} f4 {[%clk 1:14:51]} 13. c5 {[%clk
0:53:20]} g5 {[%clk 1:08:30]} 14. f3 {[%clk 0:45:13]} h5 {[%clk 1:00:03]} 15.
Nc4 {[%clk 0:35:32]} g4 {[%clk 0:59:43]} 16. Rd1 {[%clk 0:35:11]} Rf7 {[%clk
0:47:08]} 17. Bb2 {[%clk 0:30:40]} Bf8 {[%clk 0:43:30]} 18. Rac1 {[%clk
0:26:19]} Rg7 {[%clk 0:41:10]} 19. cxd6 {[%clk 0:24:41]} cxd6 {[%clk 0:40:57]}
20. Nb5 {[%clk 0:22:33]} Nd7 {[%clk 0:23:04]} 21. Nd2 {[%clk 0:20:51]} Nb6
{[%clk 0:21:35]} 22. a4 {[%clk 0:15:05]} Qh4 {[%clk 0:17:12]} 23. Bf1 {[%clk
0:10:06]} Bd7 {[%clk 0:13:33]} 24. a5 {[%clk 0:06:59]} Rc8 {[%clk 0:10:32]} 25.
Qd3 {[%clk 0:06:41]} Na4 {[%clk 0:10:14]} 26. Ba1 {[%clk 0:06:58]} a6 {[%clk
0:07:45]} 27. Na3 {[%clk 0:06:49]} Be7 {[%clk 0:06:12]} 28. Qe2 {[%clk
0:05:33]} Nc7 {[%clk 0:05:36]} 29. Rc2 {[%clk 0:04:08]} Kh7 {[%clk 0:04:08]}
30. Rdc1 {[%clk 0:04:24]} g3 {[%clk 0:03:10]} 31. h3 {[%clk 0:04:45]} Bxh3
{[%clk 0:03:09]} 32. gxh3 {[%clk 0:04:37]} g2 {[%clk 0:03:35]} 33. Bxg2 {[%clk
0:04:18]} Rcg8 {[%clk 0:03:07]} 34. Rxc7 {[%clk 0:04:17]} Qxh3 {[%clk 0:02:17]}
35. Rxe7 Rxe7 {[%clk 0:02:28]} 36. Kf1 {[%clk 0:04:55]} Qh2 {[%clk 0:02:23]}
37. Nc2 {[%clk 0:03:15]} Reg7 {[%clk 0:02:32]} 38. Ne1 {[%clk 0:03:26]} Rxg2
{[%clk 0:02:41]} 39. Rc7+ {[%clk 0:03:39]} Kh6 {[%clk 0:02:39]} 40. Qxg2 {[%clk
0:03:22]} Rxg2 {[%clk 0:03:05]} 41. Nxg2 {[%clk 0:03:48]} Qh1+ {[%clk 0:03:25]}
42. Kf2 {[%clk 0:04:07]} Qxa1 {[%clk 0:03:35]} 43. Rxb7 {[%clk 0:29:23]} Qd4+
{[%clk 0:33:33]} 44. Ke2 {[%clk 0:29:42]} Nc3+ 0-1

[Event "DVM U20 2016"]
[Site "Borken-Gemen GER"]
[Date "2016.12.27"]
[Round "2"]
[White "Nahnsen, Kenneth"]
[Black "Perekhozhuk, Maksym"]
[Result "1/2-1/2"]
[Termination "normal"]
[Board "3.5"]
[WhiteElo "2024"]
[BlackElo "1912"]
[WhiteClock "01:11:31"]
[BlackClock "01:14:21"]
[WhiteTeam "SK Doppelbauer Kiel"]
[BlackTeam "USV Halle"]
[PlyCount "115"]
[WhiteFideId "12957119"]
[BlackFideId "12914860"]
[EventCountry "GER"]
[EventRounds "7"]
[EventType "team-swiss"]
[EventDate "2016.12.26"]

1. c3 {[%clk 1:30:30]} e5 {[%clk 1:30:42]} 2. c4 {[%clk 1:29:06]} Nf6 {[%clk
1:31:00]} 3. d3 {[%clk 1:29:32]} d5 {[%clk 1:31:23]} 4. cxd5 {[%clk 1:29:59]}
Nxd5 {[%clk 1:31:49]} 5. Nf3 {[%clk 1:30:24]} Nc6 {[%clk 1:32:01]} 6. g3 {[%clk
1:30:49]} Be6 {[%clk 1:32:08]} 7. Bg2 {[%clk 1:31:15]} f6 {[%clk 1:32:31]} 8.
O-O {[%clk 1:31:38]} Qd7 {[%clk 1:32:39]} 9. Nc3 {[%clk 1:32:04]} g5 {[%clk
1:32:46]} 10. Bd2 {[%clk 1:32:17]} O-O-O {[%clk 1:32:53]} 11. Rc1 {[%clk
1:32:37]} h5 {[%clk 1:33:08]} 12. Ne4 {[%clk 1:33:01]} h4 {[%clk 1:32:50]} 13.
Qa4 {[%clk 1:33:27]} Kb8 {[%clk 1:32:30]} 14. Nxf6 {[%clk 1:33:41]} Nxf6 {[%clk
1:29:39]} 15. Rxc6 {[%clk 1:34:07]} Qxc6 {[%clk 1:26:59]} 16. Qxc6 {[%clk
1:34:33]} bxc6 {[%clk 1:27:22]} 17. Bxg5 {[%clk 1:34:57]} Bg7 {[%clk 1:20:21]}
18. Nxe5 {[%clk 1:35:19]} Bd5 {[%clk 1:18:03]} 19. e4 {[%clk 1:35:43]} Nxe4
{[%clk 1:10:59]} 20. dxe4 {[%clk 1:09:02]} Bxe5 {[%clk 1:11:04]} 21. exd5
{[%clk 1:05:50]} hxg3 {[%clk 1:09:58]} 22. Bxd8 {[%clk 1:04:09]} gxf2+ {[%clk
1:08:03]} 23. Kxf2 {[%clk 1:03:17]} Rxd8 {[%clk 1:08:18]} 24. dxc6 {[%clk
1:03:24]} Rf8+ {[%clk 1:05:11]} 25. Ke3 {[%clk 1:03:37]} Rxf1 {[%clk 1:05:22]}
26. Bxf1 {[%clk 1:03:58]} Bxh2 {[%clk 1:05:46]} 27. Ba6 {[%clk 1:04:24]} Bg1+
{[%clk 1:06:08]} 28. Ke4 {[%clk 1:04:47]} Bf2 {[%clk 1:06:29]} 29. Kd5 {[%clk
1:05:12]} Bg1 {[%clk 1:06:54]} 30. b3 {[%clk 1:04:06]} Bf2 {[%clk 1:07:10]} 31.
Kc4 {[%clk 1:04:32]} Be3 {[%clk 1:07:27]} 32. Kb5 {[%clk 1:04:57]} Bf2 {[%clk
1:07:51]} 33. Kb4 {[%clk 1:04:54]} Be3 {[%clk 1:08:11]} 34. Kc3 {[%clk
1:05:15]} Bf2 {[%clk 1:08:37]} 35. Kd3 {[%clk 1:05:42]} Bc5 {[%clk 1:08:51]}
36. Ke4 {[%clk 1:06:07]} Bg1 {[%clk 1:09:16]} 37. Kd5 {[%clk 1:06:34]} Bf2
{[%clk 1:09:41]} 38. Ke6 {[%clk 1:07:00]} Be3 {[%clk 1:10:00]} 39. Kd7 {[%clk
1:07:26]} Bc5 {[%clk 1:10:20]} 40. a4 {[%clk 1:07:48]} Bb4 {[%clk 1:10:32]} 41.
Ke6 {[%clk 1:08:12]} Be1 {[%clk 1:10:57]} 42. Kd5 {[%clk 1:08:37]} Bd2 {[%clk
1:11:12]} 43. Kc5 {[%clk 1:09:02]} Be3+ {[%clk 1:11:36]} 44. Kb5 {[%clk
1:09:27]} Bf2 {[%clk 1:11:56]} 45. Bb7 {[%clk 1:09:52]} Be3 {[%clk 1:12:04]}
46. Ka6 {[%clk 1:10:10]} Bf2 {[%clk 1:12:10]} 47. b4 {[%clk 1:10:29]} Be3
{[%clk 1:12:20]} 48. a5 {[%clk 1:10:15]} Bf2 {[%clk 1:12:34]} 49. Kb5 {[%clk
1:10:36]} Be3 {[%clk 1:12:52]} 50. Ka4 {[%clk 1:10:57]} Bf2 {[%clk 1:13:17]}
51. b5 {[%clk 1:11:22]} Be3 {[%clk 1:12:47]} 52. Kb4 {[%clk 1:11:44]} Bd2+
{[%clk 1:12:57]} 53. Ka4 {[%clk 1:12:10]} Be1 {[%clk 1:13:04]} 54. Ba6 {[%clk
1:12:28]} Bd2 {[%clk 1:13:15]} 55. Bb7 {[%clk 1:12:00]} Be1 {[%clk 1:13:33]}
56. Ba6 {[%clk 1:11:03]} Bd2 {[%clk 1:13:56]} 57. Bb7 {[%clk 1:11:04]} Be1
{[%clk 1:14:21]} 58. a6 {[%clk 1:11:31]} 1/2-1/2

[Event "DVM U20 2016"]
[Site "Borken-Gemen GER"]
[Date "2016.12.27"]
[Round "2"]
[White "Kretzschmar, Arnd"]
[Black "Mieck, Jale"]
[Result "1/2-1/2"]
[Termination "normal"]
[Board "3.6"]
[WhiteElo "1959"]
[BlackElo "1933"]
[WhiteClock "00:01:19"]
[BlackClock "00:56:06"]
[WhiteTeam "USV Halle"]
[BlackTeam "SK Doppelbauer Kiel"]
[PlyCount "73"]
[WhiteFideId "12914835"]
[BlackFideId "12936871"]
[EventCountry "GER"]
[EventRounds "7"]
[EventType "team-swiss"]
[EventDate "2016.12.26"]

1. d4 {[%clk 1:30:57]} Nf6 {[%clk 1:30:53]} 2. c4 {[%clk 1:31:19]} Nc6 {[%clk
1:31:20]} 3. Nf3 {[%clk 1:31:29]} d6 {[%clk 1:31:39]} 4. h3 {[%clk 1:31:44]} e5
{[%clk 1:31:38]} 5. d5 {[%clk 1:31:36]} Ne7 {[%clk 1:32:02]} 6. Nc3 {[%clk
1:31:45]} Ng6 {[%clk 1:31:40]} 7. e4 {[%clk 1:31:45]} Be7 {[%clk 1:31:54]} 8.
Be2 {[%clk 1:31:21]} O-O {[%clk 1:32:07]} 9. O-O {[%clk 1:31:34]} Nh5 {[%clk
1:28:21]} 10. Nxe5 {[%clk 1:17:01]} Nxe5 {[%clk 1:28:45]} 11. Bxh5 {[%clk
1:17:25]} Nxc4 {[%clk 1:28:53]} 12. Qc2 {[%clk 1:14:08]} Bd7 {[%clk 1:27:03]}
13. Be2 {[%clk 1:10:13]} Ne5 {[%clk 1:26:19]} 14. Be3 {[%clk 1:10:19]} f5
{[%clk 1:21:58]} 15. exf5 {[%clk 0:53:28]} Bxf5 {[%clk 1:21:30]} 16. Qd2 {[%clk
0:52:56]} Qd7 {[%clk 1:11:40]} 17. f4 {[%clk 0:50:10]} Nf7 {[%clk 1:00:03]} 18.
g4 {[%clk 0:50:18]} Nh6 {[%clk 0:59:45]} 19. gxf5 {[%clk 0:50:24]} Qxf5 {[%clk
0:59:39]} 20. Kh2 {[%clk 0:50:07]} Rae8 {[%clk 0:59:08]} 21. Bd4 {[%clk
0:34:35]} c5 {[%clk 0:57:32]} 22. dxc6 {[%clk 0:34:26]} bxc6 {[%clk 0:57:58]}
23. Bd3 {[%clk 0:32:51]} Qh5 {[%clk 0:57:22]} 24. Rg1 {[%clk 0:32:27]} Bf6
{[%clk 0:57:24]} 25. Bxf6 {[%clk 0:32:15]} Rxf6 {[%clk 0:57:49]} 26. Rae1
{[%clk 0:30:28]} Ref8 {[%clk 0:58:06]} 27. Rg5 {[%clk 0:22:44]} Qh4 {[%clk
0:57:55]} 28. Reg1 {[%clk 0:22:15]} g6 {[%clk 0:58:06]} 29. f5 {[%clk 0:06:12]}
Kh8 {[%clk 0:56:04]} 30. R1g2 {[%clk 0:04:55]} Nxf5 {[%clk 0:55:42]} 31. Bxf5
{[%clk 0:04:56]} Rxf5 {[%clk 0:54:48]} 32. Rxf5 {[%clk 0:05:07]} Rxf5 {[%clk
0:55:12]} 33. Qxd6 {[%clk 0:05:25]} Rf3 {[%clk 0:55:25]} 34. Qb8+ {[%clk
0:05:24]} Kg7 {[%clk 0:55:50]} 35. Qxa7+ {[%clk 0:05:33]} Kh6 {[%clk 0:56:07]}
36. Kg1 {[%clk 0:01:19]} Qe1+ {[%clk 0:56:06]} 37. Nb1 1/2-1/2

[Event "DVM U20 2016"]
[Site "Borken-Gemen GER"]
[Date "2016.12.27"]
[Round "2"]
[White "Flüchter, Gregor"]
[Black "Grimm, Julius"]
[Result "0-1"]
[Termination "normal"]
[Board "4.1"]
[WhiteElo "2168"]
[BlackElo "2281"]
[WhiteTeam "SF Brackel"]
[BlackTeam "SF Darmstadt"]
[PlyCount "102"]
[WhiteFideId "12903396"]
[BlackFideId "12916986"]
[EventCountry "GER"]
[EventRounds "7"]
[EventType "team-swiss"]
[EventDate "2016.12.26"]

1.e4 c6 2.d4 d5 3.exd5 cxd5 4.c4 Nf6 5.Nc3 Nc6 6.Bg5 dxc4 7.Bxc4 h6 8.Be3 e6
9.Nf3 Bd6 10.O-O O-O 11.a3 b6 12.d5 exd5 13.Nxd5 Bb7 14.Bf4 Nxd5 15. Bxd6 Qxd6
16.Bxd5 Rad8 17.Be4 Qf4 18.Qc2 Nd4 19.Bh7+ Kh8 20.Nxd4 Rxd4 21. Bf5 Rfd8
22.Rac1 Ba6 23.Rfe1 Rd2 24.Qe4 Qxf2+ 25.Kh1 Re2 26.Rxe2 Qxe2 27. Qxe2 Bxe2
28.Kg1 Rd1+ 29.Rxd1 Bxd1 30.Kf2 g6 31.Be4 Kg7 32.Ke3 Kf6 33.Kd4 Bb3 34.Bc6 Ke6
35.Bf3 g5 36.Bb7 Kd6 37.Be4 Be6 38.Bf3 Bd7 39.Be4 f5 40.Bf3 f4 41.h3 Bb5 42.Bb7
Be2 43.b4 Ke6 44.Bc8+ Kf6 45.Bg4 Bxg4 46.hxg4 Kg6 47. Kd5 h5 48.gxh5+ Kxh5
49.Kc6 g4 50.Kb7 f3 51.gxf3 gxf3 0-1

[Event "DVM U20 2016"]
[Site "Borken-Gemen GER"]
[Date "2016.12.27"]
[Round "2"]
[White "Nothnagel, Marian Can"]
[Black "Stemmler, Fabian"]
[Result "1-0"]
[Termination "normal"]
[Board "4.2"]
[WhiteElo "2061"]
[BlackElo "2087"]
[WhiteTeam "SF Darmstadt"]
[BlackTeam "SF Brackel"]
[PlyCount "67"]
[WhiteFideId "12921530"]
[BlackFideId "12964808"]
[EventCountry "GER"]
[EventRounds "7"]
[EventType "team-swiss"]
[EventDate "2016.12.26"]

1.e4 e6 2.d3 c5 3.Nd2 g6 4.Ngf3 Bg7 5.g3 Ne7 6.Bg2 O-O 7.O-O Nbc6 8.Re1 e5 9.c3
d6 10.a3 f5 11.b4 h6 12.Nb3 cxb4 13.axb4 f4 14.b5 Nb8 15.c4 g5 16.c5 g4 17.Nfd2
f3 18.Bf1 d5 19.exd5 Nxd5 20.Bb2 Qg5 21.Nc4 h5 22.Bxe5 h4 23. Qc1 Qxc1 24.Raxc1
hxg3 25.hxg3 Bd7 26.Bxg7 Kxg7 27.Re5 Nf6 28.Re7+ Rf7 29. Rxf7+ Kxf7 30.Nd6+ Ke7
31.Re1+ Kf8 32.Ra1 Ne8 33.b6 a6 34.Nxb7 1-0

[Event "DVM U20 2016"]
[Site "Borken-Gemen GER"]
[Date "2016.12.27"]
[Round "2"]
[White "Elier, Ali"]
[Black "Tibke, Jonas"]
[Result "1/2-1/2"]
[Termination "normal"]
[Board "4.3"]
[WhiteElo "1859"]
[BlackElo "1866"]
[WhiteTeam "SF Brackel"]
[BlackTeam "SF Darmstadt"]
[PlyCount "60"]
[WhiteFideId "16217543"]
[BlackFideId "12928356"]
[EventCountry "GER"]
[EventRounds "7"]
[EventType "team-swiss"]
[EventDate "2016.12.26"]

1.e4 c6 2.Nf3 d5 3.Nc3 dxe4 4.Nxe4 Nd7 5.d4 Ngf6 6.Ng3 e6 7.Bd3 Bd6 8.c3 b6
9.Qe2 O-O 10.Ne4 Be7 11.Bf4 Bb7 12.Rd1 Nxe4 13.Bxe4 Nf6 14.Bb1 Qd5 15. O-O Qh5
16.Rfe1 c5 17.Ne5 Qxe2 18.Rxe2 Rfd8 19.Red2 cxd4 20.Rxd4 Rxd4 21. Rxd4 Rd8
22.Rxd8+ Bxd8 23.f3 Bc7 24.Nd3 Bxf4 25.Nxf4 Kf8 26.Kf2 Ke7 27.Ke3 Kd6 28.Bc2 h6
29.Bb3 Nd7 30.Nd3 Bc6 1/2-1/2

[Event "DVM U20 2016"]
[Site "Borken-Gemen GER"]
[Date "2016.12.27"]
[Round "2"]
[White "Wiewesiek, Timo"]
[Black "Wastian, Jan"]
[Result "1/2-1/2"]
[Termination "normal"]
[Board "4.4"]
[WhiteElo "1903"]
[BlackElo "1960"]
[WhiteTeam "SF Darmstadt"]
[BlackTeam "SF Brackel"]
[PlyCount "55"]
[WhiteFideId "12920193"]
[BlackFideId "12911640"]
[EventCountry "GER"]
[EventRounds "7"]
[EventType "team-swiss"]
[EventDate "2016.12.26"]

1.d4 d5 2.c4 c6 3.cxd5 cxd5 4.Bf4 Nf6 5.e3 Nc6 6.Nc3 Bf5 7.Bd3 Bxd3 8.Qxd3 e6
9.Nf3 Bd6 10.Bxd6 Qxd6 11.O-O O-O 12.Rfc1 Rfc8 13.Na4 b6 14.a3 Na5 15. Ne5 Rc7
16.Rc2 Rac8 17.Rac1 Nd7 18.b4 Nb7 19.Nf3 Nf6 20.Nc3 Qd8 21.Nb5 Rxc2 22.Rxc2 a6
23.Rxc8 Qxc8 24.Qc3 Qxc3 25.Nxc3 Nd6 26.Ne5 Nc4 27.Nxc4 dxc4 28.e4 1/2-1/2

[Event "DVM U20 2016"]
[Site "Borken-Gemen GER"]
[Date "2016.12.27"]
[Round "2"]
[White "Birnkraut, Tim"]
[Black "Dittmar, Lars"]
[Result "0-1"]
[Termination "normal"]
[Board "4.5"]
[WhiteElo "1875"]
[BlackElo "1826"]
[WhiteTeam "SF Brackel"]
[BlackTeam "SF Darmstadt"]
[PlyCount "64"]
[WhiteFideId "24609587"]
[BlackFideId "12921505"]
[EventCountry "GER"]
[EventRounds "7"]
[EventType "team-swiss"]
[EventDate "2016.12.26"]

1.e4 c5 2.c3 d5 3.exd5 Qxd5 4.d4 cxd4 5.cxd4 Nc6 6.Nf3 e6 7.Nc3 Qd8 8.Be3 Nf6
9.h3 Bb4 10.Bd3 O-O 11.O-O b6 12.a3 Be7 13.Rc1 Bb7 14.Bb1 Nd5 15.Qd3 f5 16.Ba2
Kh8 17.Bd2 Nxc3 18.Qxc3 Bf6 19.Qc2 Nxd4 20.Nxd4 Bxd4 21.Bxe6 Qf6 22.Qc7 Bxg2
23.Kxg2 Qxe6 24.Bc3 Qe4+ 25.Kh2 Rac8 26.Qg3 Rc6 27.Bxd4 Rg6 28.Bxg7+ Rxg7 29.f3
Qd4 30.Qf2 Qf4+ 31.Kh1 Rg3 32.Qh2 Qh4 0-1

[Event "DVM U20 2016"]
[Site "Borken-Gemen GER"]
[Date "2016.12.27"]
[Round "2"]
[White "Tampe, Alexander"]
[Black "Kantor, Nikita"]
[Result "0-1"]
[Termination "normal"]
[Board "4.6"]
[WhiteElo "1681"]
[BlackElo "1916"]
[WhiteTeam "SF Darmstadt"]
[BlackTeam "SF Brackel"]
[PlyCount "106"]
[WhiteFideId "12921572"]
[BlackFideId "12990922"]
[EventCountry "GER"]
[EventRounds "7"]
[EventType "team-swiss"]
[EventDate "2016.12.26"]

1.e4 e6 2.d4 d5 3.exd5 exd5 4.Bf4 Bd6 5.Bg3 Nf6 6.Nd2 c6 7.c3 O-O 8.Ngf3 Bg4
9.Be2 Ne4 10.Bxd6 Qxd6 11.O-O Nd7 12.Qc2 Ndf6 13.Bd3 Rae8 14.Rae1 Nxd2 15.Nxd2
Re6 16.Re3 Rfe8 17.Rfe1 Rxe3 18.Rxe3 Rxe3 19.fxe3 g6 20.e4 dxe4 21.Nxe4 Nxe4
22.Bxe4 Qf4 23.h3 Qe3+ 24.Kh2 Be6 25.a3 f5 26.Bd3 g5 27.Qe2 Qxe2 28.Bxe2 Kf8
29.Kg3 Ke7 30.Kf2 Kd6 31.g3 c5 32.dxc5+ Kxc5 33.Ke3 b6 34.Bd3 h6 35.b4+ Kd5
36.Be2 Ke5 37.a4 f4+ 38.Kf3 Bxh3 39.g4 h5 40.gxh5 g4+ 41.Kf2 g3+ 42.Kg1 Ke4
43.c4 f3 44.Bxf3+ Kxf3 45.c5 Kf4 46.h6 Bf5 47.c6 Kg5 48.Kg2 Kxh6 49.Kxg3 Kg6
50.Kf4 Kf6 51.c7 Bd7 52.a5 b5 53.Ke4 Ke6 0-1

[Event "DVM U20 2016"]
[Site "Borken-Gemen GER"]
[Date "2016.12.27"]
[Round "2"]
[White "Keller, Peter"]
[Black "Pixa, Richard"]
[Result "1-0"]
[Termination "normal"]
[Board "5.1"]
[WhiteTitle "FM"]
[WhiteElo "2285"]
[BlackElo "2080"]
[WhiteTeam "Frankfurter TV"]
[BlackTeam "SV Mattnetz Berlin"]
[PlyCount "83"]
[WhiteFideId "1272105"]
[BlackFideId "4626095"]
[EventCountry "GER"]
[EventRounds "7"]
[EventType "team-swiss"]
[EventDate "2016.12.26"]

1.d4 d5 2.Nf3 Nf6 3.Bf4 e6 4.e3 c5 5.c3 Nc6 6.Ne5 Bd6 7.Nd2 O-O 8.Bd3 Qc7
9.Ndf3 h6 10.g4 cxd4 11.exd4 Nxg4 12.Rg1 f5 13.Qe2 g5 14.h3 Ngxe5 15.dxe5 Be7
16.Nxg5 hxg5 17.Bxg5 Bxg5 18.Rxg5+ Kf7 19.Qh5+ Ke7 20.Rg7+ Kd8 21.Rxc7 Kxc7
22.f4 Bd7 23.Kf2 Rh8 24.Qf3 Rh4 25.Rg1 Rah8 26.Bf1 R8h7 27.Qe3 b6 28. Rg5 Na5
29.b3 Nb7 30.b4 Nd8 31.Qg3 Nc6 32.a3 a5 33.b5 Nd8 34.Ke3 Nb7 35. Rg7 Nc5
36.Rxh7 Rxh7 37.Qg6 Rh8 38.Qg7 Rc8 39.c4 Ne4 40.cxd5 Kd8 41.d6 Rc3+ 42.Kd4 1-0